MARC

LEADER 00000nam0a2200000 4500
001 362262
005 20231102011455.0
035 |a (RuTPU)RU\TPU\retro\19608 
090 |a 362262 
100 |a 20210721d1980 m y0rusy50 ca 
101 0 |a rus 
102 |a RU 
105 |a a j 001zy 
200 1 |a Проведение подземных горных выработок  |e учебное пособие для техникумов  |f В. К. Шехурдин, Е. Н. Холобаев, В. И. Несмотряев 
210 |a Москва  |c Недра  |d 1980 
215 |a 296 с.  |c ил. 
320 |a Библиогр.: с. 290-292 
606 1 |a Горные выработки  |x Строительство  |2 stltpush  |3 (RuTPU)RU\TPU\subj\7750  |9 35304 
610 1 |a учебные пособия 
610 1 |a горные породы 
610 1 |a механика 
610 1 |a физико-механические свойства 
610 1 |a горное давление 
610 1 |a расчет 
610 1 |a горная крепь 
610 1 |a горизонтальные выработки 
610 1 |a наклонные выработки 
610 1 |a вертикальные выработки 
610 1 |a проведение 
610 1 |a проходка 
610 1 |a стволы 
610 1 |a углубление 
610 1 |a сложные геологические условия 
610 1 |a поддержание 
675 |a 622.26(075.3)  |v 4 
700 1 |a Шехурдин  |b В. К.  |g Валерьян Константинович 
701 1 |a Холобаев  |b Е. Н.  |g Евгений Николаевич 
701 1 |a Несмотряев  |b В. И.  |g Владимир Иванович 
801 1 |a RU  |b 63413507  |c 20210721 
801 2 |a RU  |b 63413507  |c 20210721  |g RCR 
942 |c BK